Tratado de Derecho de trabajo / (Record no. 60224)

MARC details
000 -LEADER
campo de control de longitud fija 00654nam a2200205 i 4500
001 - NÚMERO DE CONTROL
campo de control 60224
003 - IDENTIFICADOR DE NÚMERO DE CONTROL
campo de control ES-MaACL
007 - CAMPO FIJO DE DESCRIPCIÓN FÍSICA--INFORMACIÓN GENERAL
campo de control de longitud fija t|
008 - DATOS DE LONGITUD FIJA--INFORMACIÓN GENERAL
campo de control de longitud fija 031103s1944 cl ||||1| spa d
100 1# - ENTRADA PRINCIPAL--NOMBRE DE PERSONA
Nombre de persona Escribar Mandiola, Héctor.
9 (RLIN) 47646
245 10 - MENCIÓN DEL TÍTULO
Título Tratado de Derecho de trabajo /
Mención de responsabilidad, etc. Héctor Escribar Mandiola ; prólogo de Francisco Walter Linares.
260 ## - PUBLICACIÓN, DISTRIBUCIÓN, ETC.
Lugar de publicación, distribución, etc. [Santiago de Chile :
Nombre del editor, distribuidor, etc. Zig-Zag,
Fecha de publicación, distribución, etc. 1944]
300 ## - DESCRIPCIÓN FÍSICA
Extensión 512 p. ;
Dimensiones 21 cm.
490 1# - MENCIÓN DE SERIE
Mención de serie Biblioteca jurídica
500 ## - NOTA GENERAL
Nota general Es el t. 1.
700 1# - ENTRADA AGREGADA--NOMBRE PERSONAL
Nombre de persona Walter Linares, Francisco.
9 (RLIN) 116010
830 0# - PUNTO DE ACCESO ADICIONAL DE SERIE-TÍTULO UNIFORME
Título uniforme Biblioteca jurídica
9 (RLIN) 181793
852 ## - LOCALIZACIÓN
Ubicación ES-MaACL
Número de control de estantería E-3564
Sublocalización o colección R.24038
Holdings
Estatus retirado Estado de pérdida Estado de daño No para préstamo Biblioteca de origen Biblioteca actual Ubicación en estantería Fecha de adquisición Fuente de adquisición Total de préstamos Signatura topográfica completa Código de barras Visto por última vez Precio de reemplazo Tipo de ítem Koha
        Biblioteca del Ateneo de Madrid Biblioteca del Ateneo de Madrid Depósito 2 17/01/2008     E-3564 1063169 23/02/2023 23/02/2023 Libro impreso